Cargando...

How capitalism was built : the transformation of Central and Eastern Europe, Russia, and Central Asia

Detalles Bibliográficos
Autor Principal: Åslund, Anders
Formato: Printed Book
Publicado: New Delhi CUP 2013
Edición:Second Edition.
Subjects:
LEADER 00659cam a2200181 i 4500
020 |a 9781107628182  
082 0 0 |a 330.947  |b ASL/H 
100 1 |a Åslund, Anders, 
245 1 0 |a How capitalism was built : the transformation of Central and Eastern Europe, Russia, and Central Asia 
250 |a Second Edition. 
260 |a New Delhi  |b CUP  |c 2013 
300 |a xv, 423 pages :  |b illustrations ; 
650 0 |a Post-communism 
650 0 |a Capitalism 
650 7 |a Economic Development. 
942 |c BK 
999 |c 36919  |d 36919 
952 |0 0  |1 0  |4 0  |6 330_947000000000000_ASLH  |7 0  |8 Stack  |9 39102  |a KUCL  |b KUCL  |c Stack  |d 2015-12-19  |g 36.99  |l 0  |o 330.947 ASL/H  |p 36769  |r 2015-12-19  |w 2015-12-19  |y BK